| 000 | 00652nam a22001937a 4500 | ||
|---|---|---|---|
| 999 |
_c178543 _d178543 |
||
| 005 | 20210406121333.0 | ||
| 010 | _aB-738737 | ||
| 020 |
_a9789352644957 _c499.00 |
||
| 035 | _aB-738737 | ||
| 037 | _bGift | ||
| 082 | _a206.1 | ||
| 100 | _aPattanaik, Devdutt | ||
| 245 |
_aLeaders: _b50 insights from mythology / _cby Devdutt Pattnaik |
||
| 260 |
_aNoida _bHarper Collins Publishers _c2017 |
||
| 270 |
_aA-75, Sector-57 _bNoida _e201301 |
||
| 300 |
_a235p.: _c20cm(Hb) _bill. |
||
| 942 |
_2ddc _cEN _h206.1 _mPAT |
||